Statistics for Largest City in Each Bordering State

Click here to take the quiz!

General Stats

  • This quiz has been taken 58 times
  • The average score is 43 of 48

Answers on the Map

Answers color-coded by a green-red scale on the quiz's map according to % correct below.
 

Answer Stats

StateCity% Correct
MassachusettsNew York City
96%
ConnecticutNew York City
96%
VermontNew York City
96%
New JerseyNew York City
96%
PennsylvaniaNew York City
96%
ArkansasHouston
94%
New MexicoHouston
94%
OklahomaHouston
94%
LouisianaHouston
94%
NevadaLos Angeles
94%
ArizonaLos Angeles
94%
OregonLos Angeles
94%
UtahPhoenix
94%
CaliforniaPhoenix
94%
ColoradoPhoenix
94%
FloridaAtlanta
93%
New HampshireBoston
93%
Rhode IslandBoston
93%
KentuckyChicago
93%
IowaChicago
93%
IndianaChicago
93%
MissouriChicago
93%
WisconsinChicago
93%
WashingtonPortland
93%
IdahoSeattle
93%
TexasOklahoma City
91%
WyomingDenver
89%
NebraskaDenver
89%
KansasDenver
89%
DelawarePhiladelphia
89%
OhioPhiladelphia
89%
MarylandPhiladelphia
89%
New YorkPhiladelphia
89%
West VirginiaPhiladelphia
89%
IllinoisIndianapolis
87%
North CarolinaNashville
85%
MississippiNashville
85%
MontanaBoise
83%
VirginiaCharlotte
83%
South CarolinaCharlotte
83%
TennesseeCharlotte
83%
MichiganColumbus
83%
North DakotaMinneapolis
83%
AlabamaJacksonville
81%
GeorgiaJacksonville
81%
MinnesotaMilwaukee
78%
South DakotaOmaha
72%
MaineManchester
54%

Score Distribution

Percentile by Number Answered

Percent of People with Each Score

Your Score History

You have not taken this quiz